banner koha

Controle da podridao parda do cacaueiro com novas formulacoes de fungicidas a base de cobre empregados a alto e baixo volumes [Theobroma cacao, Phytophthora palmivora] (Registro n. 109454)

MARC details
000 -LÍDER
campo de controle de tamanho fixo 01081nas a2200277 4500
001 - NÚMERO DE CONTROLE
campo de controle BR8202186
003 - IDENTIFICADOR DO NÚMERO DE CONTROLE
campo de controle BR-BrBNA
005 - DATA E HORÁRIO DA ÚLTIMA TRANSAÇÃO
campo de controle 20231205085133.0
007 - CAMPO FIXO DE DESCRIÇÃO FÍSICA--INFORMAÇÃO GERAL
campo de controle de tamanho fixo ta
008 - CAMPO DE DADOS FIXOS--INFORMAÇÃO GERAL
campo de controle de tamanho fixo 230509b bl.|||p| |||| 00| 00por d
040 ## - FONTE DA CATALOGAÇÃO
Instituição da catalogação original BR-BrBNA
Idioma da catalogação por
Instituição que transcreveu o registro Biblioteca Nacional de Agricultura
041 ## - CÓDIGO DE IDIOMA
Código do idioma do texto/trilha sonora ou título diferente (Pt)
072 ## - CÓDIGO DE CATEGORIA DE ASSUNTO
Código de Categoria de Assunto H20
100 1# - ENTRADA PRINCIPAL--NOME PESSOAL
Nome pessoal Figueiredo, J.M. de
100 1# - ENTRADA PRINCIPAL--NOME PESSOAL
Nome pessoal Lellis, W.T. (Centro de Pesquisas do Cacau, Ilheus, BA (Brazil))
245 1# - TÍTULO
Título Controle da podridao parda do cacaueiro com novas formulacoes de fungicidas a base de cobre empregados a alto e baixo volumes [Theobroma cacao, Phytophthora palmivora]
246 1# - FORMA VARIANTE DO TÍTULO
Título/título abreviado The control of brown rot of cacao with copper fungicides sprayed in high and low volumes [Theobroma cacao, Phytophthora palmivora]
650 ## - ASSUNTO--TERMO TÓPICO
Cabeçalho tópico ou nome geográfico CACAU
650 ## - ASSUNTO--TERMO TÓPICO
Cabeçalho tópico ou nome geográfico FUNGICIDA
650 ## - ASSUNTO--TERMO TÓPICO
Cabeçalho tópico ou nome geográfico PODRIDAO PARDA
650 ## - ASSUNTO--TERMO TÓPICO
Cabeçalho tópico ou nome geográfico CONTROLE QUIMICO
773 0# - ENTRADA ANALÍTICA
Título Revista Theobroma (Brazil)
ISSN - International Standard Serial Number ISSN 0370-7962
Partes relacionadas (Jan 1981), v. 11(1) p. 33-38
Número de controle do registro BR8202186
856 40 - LOCALIZAÇÃO ELETRÔNICA E ACESSO
Caminho Link DSPACE/MAPA BR8202186
909 ## -
-- 202311
-- Lúcia
-- 55
-- Lúcia Elande
942 ## - ELEMENTOS DE ENTRADA ADICIONADOS (KOHA)
Fonte da classificação ou esquema de arquivamento na estante Classificação AGRIS
Ocultar no OPAC Não
Tipo de material Koha Analítica
Exemplares
Situação do descarte Fonte da classificação ou esquema de arquivamento na estante Situação física Não pode ser emprestado Biblioteca de origem Biblioteca atual Localização na estante Enumeração do periódico / cronologia Total de empréstimos Data de último acesso Número do exemplar Tipo de material Koha Fonte de aquisição
  Classificação AGRIS   Consulta local Biblioteca Nacional de Agricultura - Binagri Biblioteca Nacional de Agricultura - Binagri   (Jan 1981), v. 11(1) p. 33-38   29/11/2023 01 Periódicos Portaria Interministerial nº 164/94

BINAGRI

Telefone: (61)3218-2567/2388/3357/2097 - binagri@agro.gov.br

Ministério da Agricultura e Pecuária , Esplanada dos Ministérios, Bloco D, Anexo B, Brasília/DF, CEP: 70.043-900